000 01495nam a2200373Ia 4500
001 ebr10438026
003 CaPaEBR
006 m u
007 cr cn|||||||||
008 020605s2002 wauab sb s001 0 eng d
010 _z 2002072694
020 _z0295982543 (alk. paper)
020 _z9780295982540
040 _aCaPaEBR
_cCaPaEBR
035 _a(OCoLC)704517517
050 1 4 _aGF540
_b.C56 2002eb
100 1 _aCioc, Mark.
245 1 4 _aThe Rhine
_h[electronic resource] :
_ban eco-biography, 1815-2000 /
_cMark Cioc.
260 _aSeattle :
_bUniversity of Washington Press,
_cc2002.
300 _axiii, 263 p. :
_bill., maps.
490 1 _aWeyerhaeuser environmental books
504 _aIncludes bibliographical references (p. 231-252) and index.
533 _aElectronic reproduction.
_bPalo Alto, Calif. :
_cebrary,
_d2011.
_nAvailable via World Wide Web.
_nAccess may be limited to ebrary affiliated libraries.
650 0 _aHuman beings
_xEffect of environment on
_zRhine River.
650 0 _aRiver engineering
_zRhine River.
650 0 _aRivers
_zRhine River
_xRegulation.
650 0 _aStream ecology
_zRhine River.
651 0 _aRhine River
_xHistory.
651 0 _aRhine River
_xEnvironmental conditions.
655 7 _aElectronic books.
_2local
710 2 _aebrary, Inc.
830 0 _aWeyerhaeuser environmental book.
856 4 0 _uhttp://site.ebrary.com/lib/rucke/Doc?id=10438026
_zAn electronic book accessible through the World Wide Web; click to view
999 _c243387
_d243387